<?xml version="1.0" encoding="UTF-8"?>
<collection xmlns="http://www.loc.gov/MARC21/slim">
 <record>
  <leader>00527pamaa2200169   4500</leader>
  <controlfield tag="001">0000048496</controlfield>
  <controlfield tag="005">20130626090000.0</controlfield>
  <controlfield tag="008">101216                             eng  </controlfield>
  <datafield tag="020" ind1="0" ind2="0">
   <subfield code="a">9781600571237 (pbk.) </subfield>
  </datafield>
  <datafield tag="090" ind1="0" ind2="0">
   <subfield code="a">AY67.N5 </subfield>
   <subfield code="b">WOR 2010</subfield>
  </datafield>
  <datafield tag="245" ind1="1" ind2="4">
   <subfield code="a">The World almanac and book of facts 2010.</subfield>
  </datafield>
  <datafield tag="260" ind1="0" ind2="0">
   <subfield code="a">New York: </subfield>
   <subfield code="b">Press Pub. Co. (The New York World), </subfield>
   <subfield code="c">1923-.</subfield>
  </datafield>
  <datafield tag="300" ind1=" " ind2=" ">
   <subfield code="a">1008p.: </subfield>
   <subfield code="b">ill., maps; </subfield>
   <subfield code="c">19-22 cm.</subfield>
  </datafield>
  <datafield tag="500" ind1="0" ind2="0">
   <subfield code="a">At head of title: The World</subfield>
  </datafield>
  <datafield tag="501" ind1="0" ind2="0">
   <subfield code="a">Library</subfield>
  </datafield>
  <datafield tag="650" ind1="0" ind2="0">
   <subfield code="a">World -- </subfield>
   <subfield code="x">Almanac </subfield>
  </datafield>
  <datafield tag="901" ind1=" " ind2=" ">
   <subfield code="u">www.worldalmanac.com</subfield>
  </datafield>
 </record>
</collection>
